Cities in Ile-de-France - Statistics

General Stats
  • This quiz has been taken 345 times
  • The average score is 14 of 20
Answers on the Grid
Answers color-coded by a green-red scale on the quiz's grid according to % correct below.
Étampes
Versailles
Nogent-sur-Marne
Chateaudun
Pontoise
Nanterre
Abbeville
Paris
Torcy
Bobigny
Sarcelles
Rouen
Argenteuil
Fontainebleau
Beauvais
Melun
Saint-Germain-en-Laye
Saint-Denis
Orléans
Amiens
Rambouillet
Mantes-la-Jolie
Sens
Meaux
Provins
Neufchateau
Chateauroux
Epernay
Boulogne-Billancourt
Créteil
 
Answer Stats
Answer % Correct
Versailles
94%
Paris
86%
Nanterre
81%
Sarcelles
79%
Pontoise
78%
Bobigny
77%
Argenteuil
76%
Saint-Denis
74%
Nogent-sur-Marne
73%
Saint-Germain-en-Laye
72%
Melun
68%
Torcy
68%
Créteil
67%
Étampes
66%
Mantes-la-Jolie
65%
Boulogne-Billancourt
64%
Fontainebleau
64%
Meaux
57%
Rambouillet
55%
Provins
36%
No matching quizzes found
Score Distribution
Percent of People with Each Score
Percentile by Number Answered
Your Score History
You have not taken this quiz